| 000 | 00544nam a22001817a 4500 | ||
|---|---|---|---|
| 999 |
_c167110 _d167110 |
||
| 005 | 20190903105305.0 | ||
| 010 | _aENG-126401 | ||
| 020 |
_c600.00 _a978-81-925575-4-6 |
||
| 035 | _aEN-109933 | ||
| 037 | _bDBAD/PUB | ||
| 082 | _a363.348 | ||
| 100 | _aSaxena,Prasoon | ||
| 245 |
_aDisaster Management/ _cby Prasoon Saxena |
||
| 260 |
_aNew Delhi _bAryan Prakashan _c2018 |
||
| 270 |
_bNew Delhi _aIIIrd Floor,H-1,48,Bengali Calony Mahaveer Enclave _e110045 |
||
| 300 |
_a152p. _c22cm(hb) |
||
| 942 |
_2ddc _cEN _h363.348 _mSAX |
||